Samir-sanskrit-adhyayanam : (Record no. 127743)

MARC details
000 -LEADER
fixed length control field 00775nam a22002417a 4500
003 - CONTROL NUMBER IDENTIFIER
control field 0
005 - DATE AND TIME OF LATEST TRANSACTION
control field 20180717131934.0
008 - FIXED-LENGTH DATA ELEMENTS--GENERAL INFORMATION
fixed length control field 0
010 ## - LIBRARY OF CONGRESS CONTROL NUMBER
LC control number B-129191
020 ## - INTERNATIONAL STANDARD BOOK NUMBER
Terms of availability 00.00
International Standard Book Number 8170392535
035 ## - SYSTEM CONTROL NUMBER
System control number B-129191,B-129192
037 ## - SOURCE OF ACQUISITION
Source of stock number/acquisition Cen Lib/Ret
040 ## - CATALOGING SOURCE
Original cataloging agency DPL
Language of cataloging EN
Transcribing agency 0
082 ## - DEWEY DECIMAL CLASSIFICATION NUMBER
Classification number 415
Item number SAM
245 ## - TITLE STATEMENT
Title Samir-sanskrit-adhyayanam :
Statement of responsibility, etc by Kala Acharya...[et al.]
Remainder of title a companion to sanskrit grammer /
260 ## - PUBLICATION, DISTRIBUTION, ETC. (IMPRINT)
Place of publication, distribution, etc New Delhi
Name of publisher, distributor, etc Somaiya Publications Pvt. Ltd.
Date of publication, distribution, etc 2003
270 ## - ADDRESS
Address 6th Floor Bank of Baroda Buliding, Parliament Street
City New Delhi
Postal code 110001
300 ## - PHYSICAL DESCRIPTION
Extent xiii,326p. :
Dimensions 24cm(Hb)
Other physical details ill.
650 ## - SUBJECT ADDED ENTRY--TOPICAL TERM
Topical term or geographic name as entry element Sanskrit language -- grammar
9 (RLIN) 19810
650 ## - SUBJECT ADDED ENTRY--TOPICAL TERM
Topical term or geographic name as entry element Sanskrit language
9 (RLIN) 72723
700 ## - ADDED ENTRY--PERSONAL NAME
Personal name Kala Acharya
9 (RLIN) 21397
942 ## - ADDED ENTRY ELEMENTS (KOHA)
Source of classification or shelving scheme Dewey Decimal Classification
Koha item type English Books
Classification part 415
Call number suffix SAM
Holdings
Withdrawn status Lost status Damaged status Not for loan Home library Current library Date acquired Source of acquisition Cost, normal purchase price Total Checkouts Full call number Barcode Date last seen Copy number Cost, replacement price Price effective from Koha item type Source of classification or shelving scheme Collection code Total Renewals Date checked out
        Central Library Central Library 30/06/2015 Cen Lib/Ret 0.00   415 SAM B-129191 30/06/2015 1 0.00 30/06/2015 English Books        
        Patel Nagar Patel Nagar 17/07/2018 BPPD/PUB 0.00 1 415 SAM B-129192 04/11/2024   0.00 17/07/2018 English Books Dewey Decimal Classification Non-fiction 1 07/10/2024

© Delhi Public Library
Hit Counter
free hit counter